Inter Milan Current Squad by Photos (24/25) - Statistics

General Stats
  • This quiz has been taken 92 times
  • The average score is 19 of 25
Answer Stats
Picture Hint Answer % Correct
#1 Yann Sommer
99%
#2 Denzel Dumfries
93%
#9 Marcus Thuram
93%
#10 Lautaro Martínez
92%
#32 Federico Dimarco
90%
#15 Francesco Acerbi
90%
#20 Hakan Çalhanoğlu
90%
#23 Nicolò Barella
89%
#95 Alessandro Bastoni
88%
#28 Benjamin Pavard
88%
#6 Stefan de Vrij
88%
#31 Yann Bisseck
84%
#36 Matteo Darmian
81%
#7 Piotr Zieliński
81%
#16 Davide Frattesi
78%
#8 Marko Arnautovic
77%
#99 Mehdi Taremi
74%
#22 Henrikh Mkhitaryan
71%
#11 Joaquín Correa
71%
#30 Carlos Augusto
60%
#59 Nicola Zalewski
60%
#13 Josep Martínez
56%
#21 Kristjan Asllani
53%
#12 Raffaele Di Gennaro
37%
#45 Valentín Carboni
25%
No matching quizzes found
Score Distribution
Percent of People with Each Score
Percentile by Number Answered
Your Score History
You have not taken this quiz